| 000 | 01218nam a22003497a 4500 | ||
|---|---|---|---|
| 001 | 6095 | ||
| 003 | FISKH | ||
| 005 | 20250311141706.0 | ||
| 008 | 250311b cb ||||| |||| 00| 0 eng d | ||
| 020 | _a9781416938835 | ||
| 020 | _a1416938834 | ||
| 020 | _a9781416938835 | ||
| 040 |
_aDLC _cDLC _dDLC _beng |
||
| 050 | _aPZ7.C8344 A | ||
| 082 | _a813.54 | ||
| 100 | 1 | _aCoville, Bruce. | |
| 245 | 1 | 0 |
_aAliens ate my homework / _cBruce Coville ; illustrations by Katherine Coville. |
| 250 | _aThis Aladdin paperbacks edition May 2007 | ||
| 260 |
_aNew York : _bAladdin Paperbacks, _c1993 |
||
| 300 |
_a179 pages : _billustrations ; _c20 cm |
||
| 500 | _aAt head of title: Rod Allbright and The Galactic Patrol. | ||
| 505 | _aR | ||
| 520 | _aRod is surprised when a miniature spaceship lands in his school science project and reveals five tiny aliens, who ask his help in apprehending an interstellar criminal. | ||
| 521 | 8 |
_a730
_bLexile |
|
| 521 | 8 |
_aR
_bRaz-Plus |
|
| 650 | 1 |
_aExtraterrestrial beings _vFiction. |
|
| 650 | 1 | _aScience fiction. | |
| 700 | 1 |
_aCoville, Katherine, _eillustrator |
|
| 906 |
_a7 _bcbc _corigcop _d2 _encip _f20 _gy-gencatlg |
||
| 942 |
_2ddc _cBK _n0 |
||
| 999 |
_c6095 _d6095 |
||